000 00640nam a22002177a 4500
005 20241206133334.0
008 241206b ||||| |||| 00| 0 eng d
040 _cAL
041 _aEnglish
082 _223
_a337
_bSWAI
100 _aSwarnalatha
_9188294
245 _aInternational Business
260 _aBangalore
_bMPP House
_c2023
300 _a429 p.
_bPB
_c23x15 cm.
365 _a1060
_b₹456.25
_c
_d₹625.00
_e27%
_f28-11-2024
650 _aInternational Business Environment
_9188295
650 _aMultinational Corporations
_9188296
650 _aTrade Policy
_9188297
700 _aSWARNALATHA
_9188298
942 _2ddc
_cBK
999 _c232205
_d232205